=LDR 00000nam 2200000 4500 =001 INLIS000000000012332 =005 20130612103851 =008 ***********************************Ind** =035 ##$$a0010-061300000012332 =041 ##$$a Ind =082 ##$$a 658.404 =090 ##$$a 658.404, Dip m =100 ##$$a Dipohusodo, Istimawan =245 ##$$a Manajemen proyek dan konstruksi , Istimawan dipohusodo =260 ##$$a 1996 $b Yogyakarta =300 ##$$a ...Jil., Ilus, 21 cm =650 ##$$a Manajemen Proyek =850 ##$$a NBPNMAT =990 ##$$a 0001/BPAP-NTB/20142014